书目信息 |
| 题名: |
有机及生物化学
|
|
| 作者: | 宋金耀 , 郝涤非 主编 | |
| 分册: | ||
| 出版信息: | 北京 化学工业出版社 2017.1 |
|
| 页数: | 360页 | |
| 开本: | 26cm | |
| 丛书名: | ||
| 单 册: | ||
| 中图分类: | O62 , Q5 | |
| 科图分类: | ||
| 主题词: | 有机化学--高等教育--教材 , 生物化学--高等教育--教材 , 有机化学 , 生物化学 | |
| 电子资源: | ||
| ISBN: | 978-7-122-06444-8 | |
| 000 | 00907nam0 2200301 450 | |
| 001 | 0400002572 | |
| 005 | 20171021112830.0 | |
| 010 | @a978-7-122-06444-8@dCNY39.50 | |
| 100 | @a20091118d2017 em y0chiy50 ea | |
| 101 | 0 | @achi |
| 102 | @aCN@b110000 | |
| 105 | @ay z 000yy | |
| 106 | @ar | |
| 200 | 1 | @a有机及生物化学@9you ji ji sheng wu hua xue@f宋金耀,郝涤非主编 |
| 210 | @a北京@c化学工业出版社@d2017.1 | |
| 215 | @a360页@d26cm | |
| 300 | @a高职高专“十一五”规划教材 | |
| 330 | @a本书以生物体的化学物质组成为基础,介绍了其化学结构、化学性质、代谢过程和生理作用等内容。 | |
| 606 | 0 | @a有机化学@x高等教育@j教材 |
| 606 | 0 | @a生物化学@x高等教育@j教材 |
| 606 | 0 | @a有机化学 |
| 606 | 0 | @a生物化学 |
| 690 | @aO62@v4 | |
| 690 | @aQ5@v4 | |
| 701 | 0 | @a宋金耀@9song jin yao@4主编 |
| 701 | 0 | @a郝涤非@9hao di fei@4主编 |
| 801 | 0 | @aCN@b91MARC@c20171021 |
| 905 | @b1032415-9@dO62@f5@e215 | |
| 有机及生物化学/宋金耀,郝涤非主编.-北京:化学工业出版社,2017.1 |
| 360页;26cm |
| 高职高专“十一五”规划教材 |
| ISBN 978-7-122-06444-8:CNY39.50 |
| 本书以生物体的化学物质组成为基础,介绍了其化学结构、化学性质、代谢过程和生理作用等内容。 |
| ● |
| 相关链接 |
|
|
|
|
正题名:有机及生物化学
索取号:O62/215
 
预约/预借
| 序号 | 登录号 | 条形码 | 馆藏地/架位号 | 状态 | 备注 |
| 1 | 1032415 | 210324157 | 第二样本阅览室/ [索取号:O62/215] | 在馆 | |
| 2 | 1032416 | 210324166 | 密集书库-化学系/ [索取号:O62/215] | 在馆 | |
| 3 | 1032417 | 210324175 | 第三借阅区/ [索取号:O62/215] | 在馆 | |
| 4 | 1032418 | 210324184 | 第三借阅区/ [索取号:O62/215] | 在馆 | |
| 5 | 1032419 | 210324193 | 第三借阅区/ [索取号:O62/215] | 在馆 |